000
00295nam a22001337a 4500
008
170523b xxu||||| |||| 00| 0 eng d
020
_a
9781861893086
041
_a
eng
080
_a
94(100)
100
_a
16
101
_a
SHH
245
_a
COUNTERING TERRORISM
_c
CHANDLER,M
942
_2
udc
_c
BK
999
_c
13862
_d
13862